| 000 | 00542nam a2200193 a 4500 | ||
|---|---|---|---|
| 005 | 20240925065022.0 | ||
| 008 | 991125s1970 es 000 0 spa u | ||
| 035 | _aUPN01000038378 | ||
| 049 | _aCG | ||
| 050 | 4 |
_aAC70 _bS2 no.24 |
|
| 100 | 1 |
_aPinillos Díaz, José Luis, _d1919- _930863 |
|
| 245 | 1 | 3 |
_aLa mente humana / _cJosé Luis Pinillos. |
| 260 |
_aEspaña : _bSalvat, _c1970. |
||
| 300 |
_a178 p. : _bil. |
||
| 440 | 0 |
_aBiblioteca básica Salvat ; _v24 |
|
| 650 | 4 |
_aALMA Y CUERPO _92414 |
|
| 650 | 4 |
_aPsicología _938 |
|
| 905 | _aLibro | ||
| 999 |
_c38378 _d38378 |
||